50 Ciudades más grandes de Italia - Estadísticas

Estadísticas generales
  • Esta prueba ha sido intentada 44 veces
  • La puntuación promedio es 25 de 50
Respuestas en el mapa
Las respuestas están codificadas por una escala verde-roja en el mapa de la prueba según el % correcto abajo.
 
Estadísticas de respuestas
Ciudad Población % Correcto
Nápoles 910 mil
100%
Roma 2,7 million
100%
Milán 1,3 million
98%
Turín 860 mil
95%
Venecia 250 mil
95%
Florencia 360 mil
90%
Palermo 620 mil
90%
Génova 560 mil
85%
Verona 260 mil
85%
Bolonia 390 mil
83%
Bari 320 mil
80%
Cagliari 145 mil
76%
Catania 300 mil
73%
Parma 200 mil
71%
Trieste 200 mil
68%
Padua 210 mil
66%
Bérgamo 120 mil
61%
Údine 100 mil
59%
Mesina 220 mil
54%
Livorno 150 mil
51%
Salerno 125 mil
51%
Brescia 200 mil
49%
Módena 185 mil
49%
Monza 125 mil
49%
Siracusa 115 mil
46%
Rimini 150 mil
41%
Tarento 185 mil
41%
Perugia 160 mil
39%
Rávena 155 mil
39%
Trento 120 mil
39%
Pescara 120 mil
37%
Regio de Calabria 170 mil
37%
Bolzano 105 mil
34%
Ferrara 130 mil
34%
Ancona 100 mil
32%
Sassari 120 mil
29%
Foggia 145 mil
27%
Prato 200 mil
27%
Reggio Emilia 170 mil
24%
Latina 130 mil
22%
Novara 100 mil
22%
Piacenza 105 mil
20%
Vicenza 110 mil
20%
Arezzo 95 mil
15%
Cesena 95 mil
15%
Forli 115 mil
15%
Pésaro 95 mil
15%
Terni 105 mil
10%
Giugliano in Campania 125 mil
7%
Andria 95 mil
5%
No se encontraron pruebas coincidentes
Distribución de puntuación
Porcentaje de gente con cada puntuación
Porcentaje por número respondido
Historial de tus puntuaciones
No has intentado esta prueba.